000 00328nam a2200145Ia 4500
008 150201s2008 xx 000 0 und d
082 _a150
_bP08C
100 _aCICCARELLI, SAUNDRA K.
245 _aPSYCHOLOGY
250 _a1ST
260 _bPEARSON
_aDELHI
_c2008
300 _a1-753
650 _aPSYCHOLOGY
942 _2ddc
_cBK
999 _c1582
_d1582